मध्यम वर्गीय महिलाओं की सामाजिक स्थिति(पटना शहर के संदर्भ में) (Record no. 6603)

MARC details
000 -LEADER
fixed length control field 01031 a2200241 4500
003 - CONTROL NUMBER IDENTIFIER
control field dpl
005 - DATE AND TIME OF LATEST TRANSACTION
control field 20190424111548.0
008 - FIXED-LENGTH DATA ELEMENTS--GENERAL INFORMATION
fixed length control field 080912t xxu||||| |||| 00| 0 hin d
010 ## - LIBRARY OF CONGRESS CONTROL NUMBER
LC control number HIN-80665
020 ## - INTERNATIONAL STANDARD BOOK NUMBER
Terms of availability 450.00
035 ## - SYSTEM CONTROL NUMBER
System control number HN-53011, B-242320
037 ## - SOURCE OF ACQUISITION
Source of stock number/acquisition D.B.Act / pub
040 ## - CATALOGING SOURCE
Transcribing agency 0
082 ## - DEWEY DECIMAL CLASSIFICATION NUMBER
Classification number 305.4
100 ## - MAIN ENTRY--PERSONAL NAME
Personal name नीलम कुमारी
245 ## - TITLE STATEMENT
Title मध्यम वर्गीय महिलाओं की सामाजिक स्थिति(पटना शहर के संदर्भ में)
Statement of responsibility, etc नीलम कुमारी
246 ## - VARYING FORM OF TITLE
Title proper/short title Madhyam vergiya mahilaon ki samajik sthithi (Patana shahar ke sanderbh main)
Remainder of title by Neelam Kumari
260 ## - PUBLICATION, DISTRIBUTION, ETC. (IMPRINT)
Place of publication, distribution, etc पटना
Name of publisher, distributor, etc जानकी प्रकाशन
Date of publication, distribution, etc 2006
270 ## - ADDRESS
Address अशोक राजपथ,चौहट्टा
City पटना
Postal code 800004
300 ## - PHYSICAL DESCRIPTION
Extent 212पृ
Dimensions 22सेमी (सजिल्द)
650 ## - SUBJECT ADDED ENTRY--TOPICAL TERM
Topical term or geographic name as entry element Women Condition
942 ## - ADDED ENTRY ELEMENTS (KOHA)
Institution code [OBSOLETE] dpl
Koha item type Hindi Books
Call number prefix 305.4 / नीलम
Source of classification or shelving scheme Dewey Decimal Classification
Classification part 305.4
Call number suffix नीलम
Holdings
Withdrawn status Lost status Damaged status Not for loan Home library Current library Date acquired Cost, normal purchase price Total Checkouts Full call number Barcode Date last seen Copy number Uniform Resource Identifier Cost, replacement price Price effective from Koha item type Source of classification or shelving scheme Collection code Source of acquisition
        D.B.Act.Division D.B.Act.Division 12/09/2008 450.00   305.4 नीलम HN-53011 15/09/2008 1 7102 450.00 15/09/2008 Hindi Books      
        Shahdara Branch Shahdara Branch 24/04/2019 450.00   305.4 नीलम B-242320 24/04/2019     450.00 24/04/2019 Hindi Books Dewey Decimal Classification Non-fiction BPPD/PUB

© Delhi Public Library
Hit Counter
free hit counter